000 00555nam a22001697a 4500
003 SGT
020 _a9789381420560
082 _a651.74,KUS
100 _aKUSHAL,JIN
245 _aBUSINESS COMMUNICATION: BBA SEMESTER-1
250 _a1ST
260 _aNEW DELHI
_bVK GLOBAL PUBLICATIONS PVT. LTD.
_c2013
300 _a248
650 _aOFFICE SERVICES
653 _aBUSINESS COMMUNICATION, ROLE OF COMMUNICATION SKILLS IN BUSINESS, COMPUTER NETWORKS, BARRIERS TO COMMUNICATION OR MISCOMMUNICATION, LISTENING,READING & SPEAKING SKILLS
942 _2ddc
_cFCM
999 _c9000
_d9000